10 Greatest soccer players of all time - Statistics

General Stats
  • This quiz has been taken 329 times
  • The average score is 7 of 10
Answer Stats
Answer % Correct
cristiano ronaldo
99%
ronaldo
98%
lionel messi
97%
pele
94%
diego maradona
88%
zinedine zidane
66%
johan cruyff
58%
franz beckenbauer
37%
alfredo di stefano
26%
ferenc puskas
25%
No matching quizzes found
Score Distribution
Percent of People with Each Score
Percentile by Number Answered
Your Score History
You have not taken this quiz